书目信息 |
| 题名: |
3D打印技术与应用
|
|
| 作者: | 班德亚帕德耶 , 博斯 主编 ;王文先 译 | |
| 分册: | ||
| 出版信息: | 北京 机械工业出版社 2017 |
|
| 页数: | 387页 | |
| 开本: | 24cm | |
| 丛书名: | ||
| 单 册: | ||
| 中图分类: | TS853 | |
| 科图分类: | ||
| 主题词: | 立体印刷--印刷术 | |
| 电子资源: | ||
| ISBN: | 978-7-111-57149-0 | |
| 000 | 01260nam0 2200301 450 | |
| 001 | 689 | |
| 005 | 20180924100025.59 | |
| 010 | @a978-7-111-57149-0@dCNY129.00 | |
| 100 | @a20171018d2017 em y0chiy50 ea | |
| 101 | 1 | @achi@ceng |
| 102 | @aCN@b110000 | |
| 105 | @aa z 000yy | |
| 200 | 1 | @a3D打印技术与应用@93D da yin ji shu yu ying yong@f(美)阿米特·班德亚帕德耶(Amit Bandyopadhyay), (美)萨斯米塔·博斯(Susmita Bose)主编@g王文先[等]译 |
| 210 | @a北京@c机械工业出版社@d2017 | |
| 215 | @a387页@c图@d24cm | |
| 304 | @a译者还有:葛亚琼、崔泽琴、张红霞、游志勇、闫志勇等10人 | |
| 305 | @a由Taylor & Francis出版集团旗下,CRC公司授权出版 | |
| 306 | @a本书限中国大陆发行 | |
| 312 | @a版权页英文题名:Additive manufacturing | |
| 330 | @a本书全面地阐述了目前3D打印技术的发展情况及其具体应用,主要涵盖了聚合物、复合材料、金属、陶瓷、生物材料等方面的新技术,以及其在工业、航空、电子技术、材料、医学和教育等领域的应用。 | |
| 510 | 1 | @aDditive manufacturing@zeng |
| 606 | 0 | @a立体印刷@x印刷术 |
| 690 | @aTS853@v5 | |
| 701 | 1 | @c(美)@a班德亚帕德耶@9ban de ya pa de ye@g(Bandyopadhyay, Amit)@4主编 |
| 701 | 1 | @c(美)@a博斯@9bo si@g(Bose, Susmita)@4主编 |
| 702 | 0 | @a王文先@9wang wen xian@4译 |
| 801 | 0 | @aCN@b91MARC@c20171018 |
| 905 | @aMuseLib@dTS853@e78 | |
| 3D打印技术与应用/(美)阿米特·班德亚帕德耶(Amit Bandyopadhyay), (美)萨斯米塔·博斯(Susmita Bose)主编/王文先[等]译.-北京:机械工业出版社,2017 |
| 387页:图;24cm |
| ISBN 978-7-111-57149-0:CNY129.00 |
| 本书全面地阐述了目前3D打印技术的发展情况及其具体应用,主要涵盖了聚合物、复合材料、金属、陶瓷、生物材料等方面的新技术,以及其在工业、航空、电子技术、材料、医学和教育等领域的应用。 |
| ● |
| 相关链接 |
|
|
|
|
正题名:3D打印技术与应用
索取号:TS853/78
 
预约/预借
| 序号 | 登录号 | 条形码 | 馆藏地/架位号 | 状态 | 备注 |
| 1 | 1120166 | 211201661 | 第二样本阅览室/ [索取号:TS853/78] | 在馆 | |
| 2 | 1120167 | 211201670 | 密集书库-物理学院/ [索取号:TS853/78] | 在馆 | |
| 3 | 1120168 | 211201689 | 第三借阅区/ [索取号:TS853/78] | 在馆 |